000 00261nam a2200109Ia 4500
008 190914s9999||||xx |||||||||||||| ||und||
100 _aRussell,Bertrand
245 3 _aAn outline of Philosophy
260 _aNew York
_bAddision
_c1994
300 _a590
942 _cBK
999 _c8675
_d8675